000 00846nam a2200205Ii 4500
003 JO-AjNU
008 230605s9999||||xx |||||||||||||| ||und||
040 _aJO-AjNU
_bara
_erda
_cJO-AjNU
041 _aara
050 1 4 _aBP188.9.H296 2002
100 3 _aالترمذي، الحكيم أبي عبد الله، أبي القاسم عبد الكريم بن هوازن القشيري؛ تقديم وتعليق ابراهيم شمس الدين ,
_eauthor
_937128
245 0 0 _aرياضة النفس ويليه نحو القلوب
250 _aط1
264 3 1 _aبيروت: دار الكتب العلمية، 2002
300 _aرياضة النفس77ص؛ نحو القلوب47ص
336 _atext
_btxt
_2rdacontent
337 _aunmediated
_bn
_2rdamedia
338 _avolume
_bnc
_2rdacarrier
650 4 _aالتصوف الاسلامي
_937129
999 _aA15486
_c19054
_d19054